THE RETRACTION AND REDUCTION INDEX FOR ESTIMATION THE LEAF AREA INDEX AND LEAF PRODUCTION FROM LITTERFALL IN AN OAK-HORNBEAM WOODLAND

Bibliographic Details
Main Author: Kubíček, Ferdinand, 1939- (Author)
Other Authors: Wohland, M. (Translator)
Format: Article
Language:English

MARC

LEADER 00000nab a2200000uu 4500
001 vtls011440904
003 SK-MaSNL
005 20260303123324.0
008 230213|1976 xo |||||||||||||||||eng|
015 |a SNBRB 
035 |a (urnnbn)urn:nbn:sk:snk:ar-002zlw 
035 |a (uuid)6d7d6b43-dc0e-4945-8bb2-788225f78d69 
035 |a urn:nbn:sk:snk-abcf9r 
040 |a SNKBUCL  |b slo  |c SNKBUCL  |e AACR2 
041 0 |a eng 
044 |a xo  |c SK 
100 1 |a Kubíček, Ferdinand,  |d 1939-  |4 aut  |9 104573 
245 1 0 |a THE RETRACTION AND REDUCTION INDEX FOR ESTIMATION THE LEAF AREA INDEX AND LEAF PRODUCTION FROM LITTERFALL IN AN OAK-HORNBEAM WOODLAND  |c Ferdinand Kubíček, M. Wohland 
700 1 |a Wohland, M.  |4 trl  |9 1138753 
773 0 |t Biológia : časopis Slovenskej akadémie vied  |g Roč. 31, č. 4 (1976), s. 263-268 
954 |a odborná, vedecká literatúra pôvodná (slovenská)  |2 lita 
958 |a OND 
958 |a EUIPO 
958 |a article16 
999 |c 1925205  |d 1927135